000 00468nam a2200181Ia 4500
003 GCL
008 140319s9999 xx 000 0 eng d
040 _aGCL /
_cGCL
082 0 4 _a821.7
_bJ S
100 1 _aJACKSON, JOHN
245 1 0 _aSAMUAL TAYLOR COLERIDGE /
_cJACKSON, JOHN
700 1 _aJACKSON, H.J.
260 _a[S.N] :
_bOXFORD UNIVERSITY PRESS ،
_c1994
300 _a201 P
650 0 4 _aENGLISH LITERATURE
650 0 4 _aJACKSON, H.J.
942 _2ddc
_cBK
999 _c24875
_d24875